|
|
|
|
| LEADER |
01091nam a2200277 a 4500 |
| 001 |
3100472 |
| 008 |
090531s1998 ii b 001 0 eng d |
| 010 |
|
|
|a 98904237
|
| 020 |
|
|
|a 8170366895
|
| 040 |
|
|
|a DLC
|c DLC
|d DLC
|
| 082 |
0 |
0 |
|a 338.91
|2 21
|
| 100 |
1 |
|
|a Dasgupta, Biplab.
|
| 245 |
1 |
0 |
|a Structural adjustment, global trade, and the new political economy of development /
|c Biplab Dasgupta.
|
| 260 |
|
|
|a New Delhi :
|b Vistaar Publications,
|c 1998.
|
| 300 |
|
|
|a 434 p. ;
|c 22 cm.
|
| 504 |
|
|
|a Includes bibliographical references (p. [403]-424) and indexes.
|
| 541 |
1 |
|
|e 00011370
|
| 650 |
|
0 |
|a Economic development.
|
| 650 |
|
0 |
|a Structural adjustment (Economic policy)
|
| 650 |
|
0 |
|a International trade.
|
| 651 |
|
0 |
|a India
|x Economic policy
|y 1991-
|
| 651 |
|
0 |
|a India
|x Economic conditions
|y 1947-
|
| 651 |
|
0 |
|a India
|x Politics and government
|y 1977-
|
| 852 |
4 |
|
|a Ayesha Abed Library
|j General Shelf.
|
| 999 |
|
|
|c 1164
|d 1164
|
| 952 |
|
|
|0 0
|1 0
|2 ddc
|4 0
|6 338_910000000000000_DAS_1998
|7 0
|9 9811
|a BRACUL
|b BRACUL
|c GEN
|d 2010-05-05
|l 1
|o 338.91 DAS
|p 3010011370
|r 2019-12-26
|s 2019-12-24
|t 1
|w 2010-05-05
|y BK
|